[Event "ch-RUS Rapid w 2016"]
[Site "Sochi RUS"]
[Date "2016.10.02"]
[Round "2.11"]
[White "Tomilova, Elena"]
[Black "Gubernatorova, Lyudmila"]
[Result "0-1"]
[WhiteTitle "WIM"]
[WhiteElo "2309"]
[BlackElo "2200"]
[WhiteFideId "4162340"]
[BlackFideId "4123840"]
[EventDate "2016.10.02"]

1. d4 Nf6 2. Bg5 Ne4 3. Bf4 c5 4. f3 Qa5+ 5. c3 Nf6 6. Nd2 cxd4 7. Nb3 Qb6 8.
Qxd4 Qxd4 9. cxd4 d5 10. Rc1 Nc6 11. e3 Nh5 12. Bg3 Nxg3 13. hxg3 e6 14. Bb5 Bd7
15. a3 Bd6 16. Ne2 Ne7 17. Bd3 h6 18. Nc5 Bc6 19. Kf2 O-O-O 20. b4 Kb8 21. Rc2
a6 22. Rb1 Ka7 23. b5 Bxb5 24. Bxb5 axb5 25. Rxb5 b6 26. Nd3 Rc8 27. Rcb2 Rc6
28. Ne5 Bxe5 29. dxe5 Rb8 30. Nd4 Rc5 31. R5b4 Nc6 32. Nb5+ Ka6 33. Ra4+ Na5 34.
Nd6 f6 35. f4 fxe5 36. fxe5 Rf8+ 37. Ke2 Rc1 38. Rab4 Rc6 39. Nb5 Rfc8 40. Nd4
Nc4 41. R2b3 Nxe5 42. Nxc6 Rxc6 43. Rf4 Rc2+ 44. Kf1 Nc4 45. Rd3 e5 46. Rf7 e4
47. Rd1 Nxe3+ 48. Ke1 Nxg2+ 49. Kf1 Ne3+ 50. Ke1 Nxd1 51. Kxd1 Rc3 52. Rxg7 Rxa3
53. g4 Rg3 54. Ke2 d4 55. Kf2 Rf3+ 56. Ke2 d3+ 57. Kd2 Rg3 58. Rg6 Kb5 59. Kc3
Kc5 60. Kd2 Kd4 61. Rxb6 Rg2+ 62. Ke1 Ke3 63. Kf1 Rxg4 64. Rxh6 d2 65. Rh3+ Kd4
66. Ke2 Rg2+ 67. Kd1 e3 68. Kc2 Rg1 0-1

[Event "ch-RUS Rapid w 2016"]
[Site "Sochi RUS"]
[Date "2016.10.02"]
[Round "2.12"]
[White "Travkina, Anastasia"]
[Black "Berdychevskaya, Natasha"]
[Result "1-0"]
[WhiteTitle "WFM"]
[BlackTitle "WFM"]
[WhiteElo "2292"]
[BlackElo "2208"]
[WhiteFideId "24129151"]
[BlackFideId "4159322"]
[EventDate "2016.10.02"]

1. e4 e5 2. Nf3 Nc6 3. Bc4 Bc5 4. b4 Bxb4 5. c3 Ba5 6. d4 exd4 7. O-O d3 8. Qb3
Qf6 9. e5 Qg6 10. Rd1 Nge7 11. Bxd3 Qh5 12. Ba3 Nxe5 13. Nxe5 Qxe5 14. Qc2 d6
15. Bb2 Bg4 16. Rf1 Bf5 17. Nd2 Bb6 18. Rae1 Qf6 19. Bxf5 O-O 20. Bxh7+ Kh8 21.
c4 Qg5 22. Nf3 Qh6 23. Rxe7 Qxh7 24. Qe2 Qg6 25. h3 Kg8 26. Re4 f5 27. Re7 Rf7
28. Nh4 Qg5 29. Rxf7 Kxf7 30. Nf3 Qd8 31. Qd3 Qd7 32. Ng5+ Kg6 33. Qg3 Kh6 34.
Qh4+ Kg6 35. Nf3 Rf8 36. Qg5+ Kh7 37. Qh5+ Kg8 38. Ng5 1-0

[Event "ch-RUS Rapid w 2016"]
[Site "Sochi RUS"]
[Date "2016.10.02"]
[Round "2.13"]
[White "Bodnaruk, Anastasia"]
[Black "Gorovenko, Darya"]
[Result "1-0"]
[WhiteTitle "IM"]
[BlackTitle "WFM"]
[WhiteElo "2463"]
[BlackElo "2060"]
[WhiteFideId "4181751"]
[BlackFideId "24173800"]
[EventDate "2016.10.02"]

1. e4 c5 2. Nf3 d6 3. d4 cxd4 4. Nxd4 Nf6 5. Nc3 a6 6. h3 e5 7. Nde2 b5 8. g4 b4
9. Nd5 Nxd5 10. exd5 Be7 11. Bg2 O-O 12. Ng3 Bh4 13. O-O Bxg3 14. fxg3 Nd7 15.
Be3 Bb7 16. a3 bxa3 17. Rxa3 Rc8 18. Qd2 Nb6 19. Qb4 Nc4 20. Qxb7 Nxa3 21. bxa3
Rc3 22. Bb6 Qc8 23. Qxc8 Rfxc8 24. a4 Ra3 25. a5 Rxc2 26. Rf2 Rcc3 27. Kh2 h6
28. Bf1 Rxg3 29. Bc7 Rge3 30. Bxd6 Rxa5 31. Rd2 Re1 32. Bb4 Ra4 33. d6 Rxb4 34.
d7 Rxf1 35. d8=Q+ Kh7 36. Qd3+ e4 37. Qxf1 1-0

[Event "ch-RUS Rapid w 2016"]
[Site "Sochi RUS"]
[Date "2016.10.02"]
[Round "2.14"]
[White "Pustovoitova, Daria"]
[Black "Semenova, Elena1"]
[Result "1-0"]
[WhiteTitle "FM"]
[BlackTitle "WIM"]
[WhiteElo "2386"]
[BlackElo "2256"]
[WhiteFideId "4182146"]
[BlackFideId "24125148"]
[EventDate "2016.10.02"]

1. d4 Nf6 2. c4 e6 3. g3 Bb4+ 4. Nd2 O-O 5. Bg2 d5 6. Qc2 c5 7. dxc5 Bxc5 8.
cxd5 Bxf2+ 9. Kxf2 Ng4+ 10. Ke1 Qb6 11. Ne4 f5 12. Nc5 Na6 13. h3 Qb4+ 14. Qc3
Qxc5 15. Qxc5 Nxc5 16. hxg4 Ne4 17. Bxe4 fxe4 18. d6 e5 19. Be3 Bxg4 20. Nh3
Rfd8 21. Rd1 Rac8 22. Nf2 Bf5 23. Rd5 Rc2 24. Rxe5 Bg6 25. Nxe4 Rxb2 26. Rh4
Rb1+ 27. Kf2 Rf8+ 28. Rf4 Rxf4+ 29. gxf4 Rd1 30. f5 Bf7 31. Re7 Kf8 32. Rxb7 Be8
33. Rb8 Rd5 34. Kg3 Kf7 35. Ng5+ Kf6 36. Rxe8 1-0

[Event "ch-RUS Rapid w 2016"]
[Site "Sochi RUS"]
[Date "2016.10.02"]
[Round "2.15"]
[White "Gritsayeva, Oksana"]
[Black "Markelova, Lubov"]
[Result "0-1"]
[WhiteTitle "WFM"]
[BlackTitle "WFM"]
[WhiteElo "2321"]
[BlackElo "2133"]
[WhiteFideId "14104652"]
[BlackFideId "24131369"]
[EventDate "2016.10.02"]

1. e4 e6 2. d4 d5 3. Nd2 c5 4. Ngf3 cxd4 5. Nxd4 Nf6 6. e5 Nfd7 7. N2f3 Nc6 8.
Nxc6 bxc6 9. Bd3 a5 10. O-O Ba6 11. Bxa6 Rxa6 12. Bf4 Be7 13. Re1 Rb6 14. b3 O-O
15. Qd2 Rb8 16. h3 Nc5 17. Nd4 Qb6 18. Qe3 Ne4 19. c3 Rfc8 20. Rad1 c5 21. Ne2
c4 22. bxc4 Rxc4 23. Rb1 Qxb1 24. Rxb1 Rxb1+ 25. Kh2 Bc5 26. Qf3 Nxf2 27. g3 Rb2
28. Be3 Re4 29. Bxc5 Rexe2 30. h4 Ng4+ 31. Kh1 Rh2+ 32. Kg1 Rb1+ 0-1

[Event "ch-RUS Rapid w 2016"]
[Site "Sochi RUS"]
[Date "2016.10.02"]
[Round "3.2"]
[White "Ovod, Evgenija"]
[Black "Nechaeva, Marina"]
[Result "1-0"]
[WhiteTitle "IM"]
[BlackTitle "IM"]
[WhiteElo "2362"]
[BlackElo "2428"]
[WhiteFideId "4131827"]
[BlackFideId "4149351"]
[EventDate "2016.10.02"]

1. d4 Nf6 2. Nf3 c5 3. c3 d5 4. dxc5 e6 5. b4 a5 6. e3 b6 7. Bb5+ Bd7 8. Bxd7+
Nfxd7 9. b5 bxc5 10. a4 c4 11. O-O Nc5 12. Ba3 Nbd7 13. Nd4 Bd6 14. Nd2 Qc7 15.
h3 O-O 16. e4 Nxe4 17. Nxe4 Bxa3 18. Rxa3 dxe4 19. Qe2 Qc5 20. Ra2 e5 21. Nc6 f5
22. Rd1 Nb6 23. Qe3 Qxe3 24. fxe3 Rfe8 25. Rd6 f4 26. Kf2 h6 27. Nxe5 Nxa4 28.
Rxa4 fxe3+ 29. Kxe3 Rxe5 30. b6 Rb5 31. Kxe4 Rb8 32. Kd4 R5xb6 33. Rxb6 Rxb6 34.
Rxa5 Rb2 35. g4 Rh2 36. Rh5 Kh7 37. Kxc4 g5 38. Kc5 Kg6 39. c4 Rg2 40. Kc6 Rc2
41. c5 Rc4 42. Kd5 Ra4 43. c6 Ra5+ 44. Kd6 Ra4 45. c7 Rd4+ 46. Kc5 Rd1 47. h4
Rc1+ 48. Kd6 Rd1+ 49. Kc6 Rc1+ 50. Kd7 Rd1+ 51. Kc8 Rd4 52. hxg5 hxg5 53. Rh8
Rxg4 54. Kd7 Rc4 55. c8=Q Rxc8 56. Rxc8 Kf5 57. Kd6 g4 58. Kd5 Kf4 59. Kd4 Kf3
60. Kd3 g3 61. Rf8+ Kg2 62. Ke2 Kh2 63. Rg8 Kg2 64. Rg7 1-0

[Event "ch-RUS Rapid w 2016"]
[Site "Sochi RUS"]
[Date "2016.10.02"]
[Round "3.3"]
[White "Goryachkina, Aleksandra"]
[Black "Vasilevich, Irina"]
[Result "0-1"]
[WhiteTitle "WGM"]
[BlackTitle "IM"]
[WhiteElo "2460"]
[BlackElo "2285"]
[WhiteFideId "4147103"]
[BlackFideId "4141296"]
[EventDate "2016.10.02"]

1. d4 e6 2. Nf3 Nf6 3. c4 Bb4+ 4. Bd2 c5 5. Bxb4 cxb4 6. e3 b6 7. a3 bxa3 8.
Rxa3 Bb7 9. Be2 O-O 10. O-O d5 11. Nbd2 Nc6 12. Qb1 Nb4 13. Rc1 dxc4 14. Bxc4 a5
15. Rd1 Rc8 16. Rc3 Rc7 17. e4 Qc8 18. Rdc1 Qa8 19. Re1 Rfc8 20. e5 Bxf3 21.
exf6 Bh5 22. fxg7 Nd5 23. Bxd5 Qxd5 24. Ne4 Kxg7 25. Rg3+ Bg6 26. h4 Kh8 27. h5
Qxh5 28. Qd3 Rc1 29. Re3 Qd5 30. f3 R8c4 31. Rxc1 Rxc1+ 32. Kf2 Qd8 33. Qb5 Qh4+ 0-1

[Event "ch-RUS Rapid w 2016"]
[Site "Sochi RUS"]
[Date "2016.10.02"]
[Round "3.4"]
[White "Gubernatorova, Lyudmila"]
[Black "Kovalevskaya, Ekaterina"]
[Result "0-1"]
[BlackTitle "IM"]
[WhiteElo "2200"]
[BlackElo "2437"]
[WhiteFideId "4123840"]
[BlackFideId "4116704"]
[EventDate "2016.10.02"]

1. d4 Nf6 2. c4 c5 3. d5 b5 4. cxb5 a6 5. Nc3 axb5 6. e4 b4 7. Nb5 d6 8. Bf4 g5
9. Bc1 Bg7 10. Bd3 Nbd7 11. Bxg5 Ne5 12. Ne2 Ba6 13. a4 c4 14. Bc2 b3 15. Bxb3
Nd3+ 16. Kf1 Nxb2 17. Qc2 cxb3 18. Qxb2 O-O 19. Be3 Bxb5 20. axb5 Rxa1+ 21. Qxa1
Qa8 22. Qb1 Nxe4 23. g3 Qxd5 24. f3 Nc3 25. Nxc3 Qxf3+ 26. Bf2 Qxh1+ 27. Ke2
Qxb1 28. Nxb1 Rb8 29. b6 d5 30. Bc5 e5 31. Kd2 Bf8 0-1

[Event "ch-RUS Rapid w 2016"]
[Site "Sochi RUS"]
[Date "2016.10.02"]
[Round "3.5"]
[White "Charochkina, Daria"]
[Black "Gvanceladze, Anna"]
[Result "1-0"]
[WhiteTitle "IM"]
[BlackTitle "WFM"]
[WhiteElo "2366"]
[BlackElo "2223"]
[WhiteFideId "4180917"]
[BlackFideId "4113721"]
[EventDate "2016.10.02"]

1. d4 Nf6 2. c4 e6 3. Nc3 Bb4 4. Qc2 Nc6 5. Nf3 d6 6. a3 Bxc3+ 7. Qxc3 a5 8. b3
O-O 9. g3 Qe7 10. Bg2 e5 11. dxe5 dxe5 12. O-O Bg4 13. Bb2 Bxf3 14. exf3 Rfd8
15. Rfe1 Qd6 16. f4 exf4 17. Bd5 Re8 18. g4 Rxe1+ 19. Rxe1 h6 20. h4 Re8 21.
Rxe8+ Nxe8 22. Qe1 Kf8 23. Bc3 Nf6 24. Bf3 Qxa3 25. g5 hxg5 26. hxg5 Ne8 27. Bd5
Qe7 28. Qd2 Qxg5+ 29. Kf1 Qf5 30. Ke2 Nd6 31. f3 Ne7 32. Be4 Qg5 33. Kd1 Nc6 34.
Bd5 Qg1+ 35. Kc2 Qe3 36. Qh2 Nd4+ 37. Kb2 Nxf3 38. Qh8+ Ke7 39. Qxg7 Qf2+ 40.
Ka3 Qc5+ 41. Ka2 Qf2+ 42. Bb2 Ne1 43. c5 Qxc5 44. Bf6+ Kd7 45. Qg4+ Ke8 46. Qg8+
Kd7 47. Qd8# 1-0

[Event "ch-RUS Rapid w 2016"]
[Site "Sochi RUS"]
[Date "2016.10.02"]
[Round "3.6"]
[White "Baraeva, Marina"]
[Black "Bodnaruk, Anastasia"]
[Result "1/2-1/2"]
[WhiteTitle "WIM"]
[BlackTitle "IM"]
[WhiteElo "2173"]
[BlackElo "2463"]
[WhiteFideId "24142573"]
[BlackFideId "4181751"]
[EventDate "2016.10.02"]

1. d4 d6 2. Nf3 g6 3. c4 f5 4. Nc3 Nf6 5. g3 Bg7 6. Bg2 O-O 7. O-O c6 8. d5 e5
9. dxe6 Bxe6 10. Bf4 Ne8 11. Qd3 Na6 12. Ng5 Nc5 13. Nxe6 Nxe6 14. Rad1 Nxf4 15.
gxf4 Qf6 16. Rd2 Rd8 17. Rfd1 Qh4 18. Qg3 Qe7 19. Rd3 Nc7 20. Qe3 Ne6 21. c5 d5
22. Nxd5 cxd5 23. Bxd5 Rde8 24. Bb3 Kh8 25. Ba4 Rc8 26. Bd7 Rxc5 27. Bxe6 Rc6
28. Bd5 Qxe3 29. fxe3 Rc7 30. b3 Re8 31. Kf2 Bf6 32. Bc4 Ree7 33. Kf3 Kg7 34.
Rd6 Bc3 35. Rd8 Bb4 36. Rg8+ Kh6 37. Rd3 Ba3 38. Kg2 Bc1 39. e4 Bxf4 40. exf5
Kg5 41. Rd5 Kf6 42. Bd3 g5 43. Rdd8 Ke5 44. Rgf8 Rf7 45. Bc4 Rxf8 46. Rxf8 Rc6
47. Rf7 Rb6 48. f6 h6 49. Rh7 Rxf6 50. Rxb7 Be3 51. Rf7 Rd6 52. Kf3 Bf4 53. h4
a5 54. e3 Bh2 55. hxg5 hxg5 56. a4 Rd1 57. Kg2 Rd2+ 58. Rf2 Rxf2+ 59. Kxf2 Ke4
60. Ke2 g4 61. Bd3+ Ke5 62. Kf1 Kf6 63. Kg2 Bd6 64. Be2 g3 1/2-1/2

[Event "ch-RUS Rapid w 2016"]
[Site "Sochi RUS"]
[Date "2016.10.02"]
[Round "3.7"]
[White "Makarenko, Alexandra"]
[Black "Pustovoitova, Daria"]
[Result "0-1"]
[WhiteTitle "WFM"]
[BlackTitle "FM"]
[WhiteElo "2243"]
[BlackElo "2386"]
[WhiteFideId "4165055"]
[BlackFideId "4182146"]
[EventDate "2016.10.02"]

1. e4 e6 2. d4 d5 3. Nc3 Bb4 4. e5 Ne7 5. a3 Bxc3+ 6. bxc3 b6 7. Qg4 Ng6 8. h4
h5 9. Qg5 Qxg5 10. Bxg5 Ba6 11. Ne2 Nf8 12. a4 Nc6 13. Rh3 Na5 14. Rg3 Nd7 15.
Bc1 g6 16. Ba3 c5 17. Ra2 Rc8 18. Bc1 O-O 19. Bh6 Rfe8 20. Bg5 Rc6 21. Kd1 Rec8
22. Rh3 Kf8 23. f3 cxd4 24. cxd4 Rc4 25. Bh6+ Ke8 26. Bd2 Nb8 27. g4 Nac6 28. c3
hxg4 29. fxg4 Ne7 30. h5 gxh5 31. gxh5 Kd7 32. h6 R4c7 33. Bg5 Ng6 34. h7 Nh8
35. Bf6 Nc6 36. Rg3 Ne7 37. a5 Bc4 38. axb6 axb6 39. Rb2 b5 40. Kd2 Neg6 41. Rg1
Ra7 42. Ng3 Ra1 43. Rh1 Kc7 44. Bxc4 Rxh1 45. Nxh1 bxc4 46. Nf2 Ra8 47. Ke3 Ra1
48. Rb5 Ra3 49. Rc5+ Kd7 50. Nd1 Ra2 51. Rb5 Rh2 52. Rb7+ Kc6 53. Ra7 Rxh7 54.
Nf2 Nh4 55. Ng4 Nf5+ 56. Kd2 Ng6 57. Ra8 Ng3 58. Nf2 Nf4 59. Ke3 Nfh5 60. Ng4
Nf5+ 61. Kd2 Nf4 62. Rc8+ Kb7 63. Rf8 Ng6 64. Rd8 Kc7 65. Ra8 Kb6 66. Rb8+ Kc6
67. Rc8+ Kd7 68. Rd8+ Kc7 69. Ra8 Nf4 70. Kc2 Ng3 71. Kb2 Ne4 72. Ra7+ Kb6 73.
Rd7 Nd3+ 74. Kc2 Rh1 75. Bd8+ Ka6 76. Ra7+ Kxa7 77. Bb6+ Kxb6 0-1

[Event "ch-RUS Rapid w 2016"]
[Site "Sochi RUS"]
[Date "2016.10.02"]
[Round "3.8"]
[White "Kovanova, Baira"]
[Black "Drozdova, Dina"]
[Result "1/2-1/2"]
[WhiteTitle "WGM"]
[BlackTitle "WIM"]
[WhiteElo "2382"]
[BlackElo "2242"]
[WhiteFideId "4164083"]
[BlackFideId "4170695"]
[EventDate "2016.10.02"]

1. Nf3 Nf6 2. g3 d5 3. Bg2 c6 4. d3 Bg4 5. Ne5 Bf5 6. c4 Nbd7 7. Nxd7 Qxd7 8.
cxd5 cxd5 9. O-O e6 10. Qb3 Be7 11. Nc3 Bg6 12. e4 Rd8 13. e5 Ng4 14. d4 Nh6 15.
Bxh6 gxh6 16. Qd1 Rc8 17. Rc1 b5 18. a3 a5 19. Qe2 b4 20. axb4 axb4 21. Nb5 O-O
22. h4 h5 23. Bf3 Rxc1 24. Rxc1 Rc8 25. Rxc8+ Qxc8 26. Nd6 Qc6 27. Bxh5 Bxd6 28.
exd6 Qxd6 29. Bf3 Qc6 30. Qd2 Qc4 31. h5 Bf5 32. Qg5+ Kf8 33. Qd8+ Kg7 34. Qg5+
Kf8 35. Qd8+ Kg7 36. Qg5+ Kf8 37. g4 Be4 38. Qd8+ Kg7 39. Qg5+ Kf8 40. Qd8+ Kg7
41. Bxe4 dxe4 42. Qg5+ Kf8 43. Qd8+ Kg7 44. Qg5+ Kf8 45. Qd8+ Kg7 46. Qg5+ 1/2-1/2

[Event "ch-RUS Rapid w 2016"]
[Site "Sochi RUS"]
[Date "2016.10.02"]
[Round "3.9"]
[White "Markelova, Lubov"]
[Black "Girya, Olga"]
[Result "0-1"]
[WhiteTitle "WFM"]
[BlackTitle "WGM"]
[WhiteElo "2133"]
[BlackElo "2446"]
[WhiteFideId "24131369"]
[BlackFideId "4195752"]
[EventDate "2016.10.02"]

1. Nf3 d5 2. d4 Nf6 3. c4 c6 4. cxd5 cxd5 5. Nc3 Nc6 6. Bf4 Bf5 7. e3 e6 8. Bd3
Bxd3 9. Qxd3 Be7 10. O-O O-O 11. Rac1 Rc8 12. h3 Nd7 13. a3 Nb6 14. Rc2 Nc4 15.
Rfc1 a6 16. Nb1 Qb6 17. Qe2 h6 18. Nc3 Qd8 19. Nb1 Qd7 20. Nfd2 b5 21. b4 a5 22.
Nxc4 dxc4 23. bxa5 Nxa5 24. Rd1 Nb3 25. a4 bxa4 26. Rxc4 Qb5 27. Rc2 Qxe2 28.
Rxe2 a3 29. Nd2 Nc1 30. Ree1 Nd3 31. Rf1 Nxf4 32. exf4 Bb4 33. Nb3 Bc3 34. d5
exd5 35. Rxd5 Rb8 36. Na1 a2 37. Rdd1 Rfd8 38. Rxd8+ Rxd8 39. g3 Rb8 40. Nc2 Rb1
41. Kg2 Rxf1 42. Kxf1 a1=Q+ 43. Nxa1 Bxa1 44. Kg2 f5 45. g4 g6 46. Kg3 Kf7 47.
h4 h5 0-1

[Event "ch-RUS Rapid w 2016"]
[Site "Sochi RUS"]
[Date "2016.10.02"]
[Round "3.10"]
[White "Sukhareva, Evgeniya"]
[Black "Belova, Olga"]
[Result "1-0"]
[BlackTitle "WFM"]
[WhiteElo "2151"]
[BlackElo "2035"]
[WhiteFideId "4167155"]
[BlackFideId "4138422"]
[EventDate "2016.10.02"]

1. d4 Nf6 2. c4 d5 3. Nf3 c6 4. Qc2 dxc4 5. Qxc4 g6 6. g3 Bg7 7. Bg2 O-O 8. O-O
Nbd7 9. e3 Qc7 10. Nc3 e5 11. dxe5 Nxe5 12. Nxe5 Qxe5 13. e4 Qh5 14. h4 Be6 15.
Qa4 Rfd8 16. Re1 Ng4 17. Be3 Nxe3 18. Rxe3 Rd4 19. Qc2 Rad8 20. Rae1 Rd2 21. Qc1
Bh6 22. Nd5 R2xd5 23. exd5 Bxe3 24. Qxe3 cxd5 25. Qxa7 d4 26. Qb6 Rd7 27. Rxe6
d3 28. Rd6 Qd1+ 29. Kh2 Rxd6 30. Qxd6 d2 31. Qd8+ Kg7 32. Qd4+ Kg8 33. Bd5 Qe2
34. Bb3 h6 35. Qf6 Qe8 36. Qxg6+ Kf8 37. Qxh6+ 1-0

[Event "ch-RUS Rapid w 2016"]
[Site "Sochi RUS"]
[Date "2016.10.02"]
[Round "3.11"]
[White "Pogonina, Natalija"]
[Black "Belenkaya, Dina"]
[Result "1-0"]
[WhiteTitle "WGM"]
[BlackTitle "WFM"]
[WhiteElo "2484"]
[BlackElo "2313"]
[WhiteFideId "4147855"]
[BlackFideId "24142654"]
[EventDate "2016.10.02"]

1. d4 d5 2. c4 dxc4 3. e4 Nf6 4. e5 Nd5 5. Bxc4 e6 6. Nf3 Bd7 7. O-O Bc6 8. Nc3
Be7 9. Ne4 Nb6 10. Bd3 Bd5 11. Qe2 Nc6 12. a3 Na5 13. Bd2 Nb3 14. Rad1 Nxd2 15.
Rxd2 O-O 16. Nc3 Bc6 17. Bb1 Qd7 18. Qd3 g6 19. h4 Bxf3 20. Qxf3 Nc4 21. Re2
Bxh4 22. Qxb7 Rfd8 23. Qa6 Nb6 24. Ba2 Qc8 25. Qd3 Qb7 26. Qe3 Be7 27. Rd1 Rac8
28. Red2 Nd5 29. Nxd5 exd5 30. e6 f6 31. Rc2 Rd6 32. Rdc1 Re8 33. Rxc7 Qxb2 34.
Qh6 Qb8 35. Rd7 Qa8 36. Rcc7 Rxd7 37. Rxd7 Qb8 38. Bxd5 Qb1+ 39. Kh2 Qb2 40. Qf4
Qxa3 41. Qc7 Kf8 42. Bc6 Qb4 43. g3 a5 44. d5 Qc5 45. d6 Qxf2+ 46. Bg2 Qf5 47.
dxe7+ Kg7 48. Qc4 Qh5+ 49. Kg1 Qe5 50. Rd8 Rxe7 51. Rd7 Rxd7 52. exd7 Qd6 53.
Qd5 Qxg3 54. Qd2 Qc7 55. d8=Q 1-0

[Event "ch-RUS Rapid w 2016"]
[Site "Sochi RUS"]
[Date "2016.10.02"]
[Round "3.12"]
[White "Galliamova, Alisa"]
[Black "Potapova, Margarita"]
[Result "1-0"]
[WhiteTitle "IM"]
[BlackTitle "WFM"]
[WhiteElo "2450"]
[BlackElo "2060"]
[WhiteFideId "4129725"]
[BlackFideId "14126869"]
[EventDate "2016.10.02"]

1. d4 Nf6 2. Nf3 c5 3. d5 d6 4. Nc3 g6 5. e4 Bg7 6. Be2 O-O 7. O-O e6 8. dxe6
Bxe6 9. Bg5 Nc6 10. Qd2 Qb6 11. Rab1 Rad8 12. Qf4 Nh5 13. Qh4 f6 14. Be3 f5 15.
Ng5 Bf6 16. Bxh5 Nd4 17. Bxg6 Rf7 18. Bxf7+ 1-0

[Event "ch-RUS Rapid w 2016"]
[Site "Sochi RUS"]
[Date "2016.10.02"]
[Round "3.13"]
[White "Petrukhina, Olga"]
[Black "Vasilevich, Tatjana"]
[Result "0-1"]
[WhiteTitle "WFM"]
[BlackTitle "IM"]
[WhiteElo "2084"]
[BlackElo "2372"]
[WhiteFideId "13703935"]
[BlackFideId "14101610"]
[EventDate "2016.10.02"]

1. d4 Nf6 2. Nf3 e6 3. g3 b5 4. a4 b4 5. Bg2 Bb7 6. O-O c5 7. c4 d5 8. cxd5 Bxd5
9. Nbd2 Nbd7 10. Re1 cxd4 11. Nxd4 Bxg2 12. Kxg2 Nc5 13. N2f3 Qb6 14. Bf4 Be7
15. Qb1 O-O 16. e4 Qb7 17. e5 Nd5 18. Bd2 Rfd8 19. Kg1 Rd7 20. Rd1 h6 21. b3
Rad8 22. Qc2 Rc8 23. Rac1 a6 24. Qb1 Rcd8 25. Qc2 Bf8 26. Be1 Qb6 27. Qb2 Ne4
28. Rc4 Ndc3 29. Bxc3 Nxc3 30. Rd2 Bc5 31. Qc2 Bxd4 32. Nxd4 Rxd4 33. Rdxd4 Rxd4
34. Rc8+ Rd8 35. Rxd8+ Qxd8 0-1

[Event "ch-RUS Rapid w 2016"]
[Site "Sochi RUS"]
[Date "2016.10.02"]
[Round "3.14"]
[White "Ambartsumova, Karina"]
[Black "Rozhko, Mariya"]
[Result "1-0"]
[WhiteTitle "WGM"]
[BlackTitle "WFM"]
[WhiteElo "2280"]
[BlackElo "2099"]
[WhiteFideId "4166299"]
[BlackFideId "4171314"]
[EventDate "2016.10.02"]

1. e4 d6 2. d4 Nf6 3. Nc3 g6 4. Be3 Bg7 5. Qd2 h5 6. f3 c6 7. h4 b5 8. Nh3 a5 9.
Ng5 Qc7 10. Be2 Na6 11. Rd1 b4 12. Na4 Bd7 13. b3 c5 14. Nb2 cxd4 15. Bxd4 Nc5
16. O-O O-O 17. Nc4 Ne6 18. Be3 Rab8 19. Qe1 Nh7 20. Nxh7 Kxh7 21. f4 Nc5 22.
Bf3 f5 23. e5 dxe5 24. Nxe5 Bb5 25. Rf2 Ne6 26. Bd5 Nc5 27. Rfd2 Rbc8 28. Qg3
Rf6 29. Kh2 Ne4 30. Bxe4 fxe4 31. Bd4 Re6 32. Re1 Bc6 33. Rde2 Bb7 34. Rd2 Rf8
35. Rf2 Qd6 36. Qe3 Rd8 37. Bb2 Qc7 38. Nc4 Bxb2 39. Nxb2 Rf8 40. Nc4 Ref6 41.
Ne5 Ba6 42. Qxe4 Bb7 43. Qe3 Qd6 44. Nc4 Qd5 45. Qxe7+ R8f7 46. Qe5 Rxf4 47.
Qxd5 Bxd5 48. Rxf4 Rxf4 49. Re7+ Kh6 50. Ne3 Rxh4+ 51. Kg3 Rd4 52. Rd7 h4+ 53.
Kh2 Re4 54. Nxd5 Re2 55. Ra7 Rxc2 56. Rxa5 g5 57. Nxb4 Rc1 58. Nd3 Ra1 59. Ne5
Kh5 60. Nf3 1-0

[Event "ch-RUS Rapid w 2016"]
[Site "Sochi RUS"]
[Date "2016.10.02"]
[Round "3.15"]
[White "Nosacheva, Mariya"]
[Black "Nebolsina, Vera"]
[Result "1/2-1/2"]
[BlackTitle "WGM"]
[WhiteElo "2047"]
[BlackElo "2219"]
[WhiteFideId "34111422"]
[BlackFideId "4163591"]
[EventDate "2016.10.02"]

1. e4 g6 2. d4 Bg7 3. Nc3 d6 4. Be3 a6 5. Qd2 b5 6. f3 Nd7 7. h4 h6 8. h5 g5 9.
Nge2 e6 10. O-O-O Bb7 11. Ng3 Qe7 12. d5 O-O-O 13. a4 b4 14. Nce2 a5 15. Ba7 Be5
16. dxe6 fxe6 17. Bd4 c5 18. Bxe5 Nxe5 19. Ng1 Nf6 20. Bb5 Ne8 21. Kb1 Nc7 22.
Qe2 Kb8 23. Nh3 Rhg8 24. Nf2 Nxb5 25. Qxb5 Qc7 26. Qe2 Ka7 27. Nd3 Ba6 28. Qe3
Nc4 29. Qf2 Nb6 30. e5 Bxd3 31. Rxd3 d5 32. b3 Rc8 33. Re1 Nd7 34. f4 gxf4 35.
Qxf4 Rcf8 36. Qxh6 Nxe5 37. Rd2 Ng4 38. Qxe6 Re8 39. Qxe8 Rxe8 40. Rxe8 Qxg3 41.
Rxd5 Nf6 42. Re7+ Kb6 43. Rd3 Qf4 44. Re6+ Kc7 45. Rf3 Qd4 46. Rexf6 Qd1+ 47.
Kb2 Qd4+ 48. Ka2 c4 49. Rf7+ Kc8 50. Rf8+ Kc7 51. R3f7+ Kb6 52. Rf6+ Kc7 53.
R6f7+ Kb6 54. Rf6+ Kc7 55. R6f7+ Kb6 56. Rf6+ Kc7 57. R6f7+ 1/2-1/2

[Event "ch-RUS Rapid w 2016"]
[Site "Sochi RUS"]
[Date "2016.10.02"]
[Round "4.2"]
[White "Kovalevskaya, Ekaterina"]
[Black "Charochkina, Daria"]
[Result "1/2-1/2"]
[WhiteTitle "IM"]
[BlackTitle "IM"]
[WhiteElo "2437"]
[BlackElo "2366"]
[WhiteFideId "4116704"]
[BlackFideId "4180917"]
[EventDate "2016.10.02"]

1. Nf3 d5 2. c4 d4 3. g3 Nf6 4. Bg2 Nc6 5. O-O e5 6. d3 Bc5 7. b4 Nxb4 8. Nxe5
O-O 9. Nd2 Re8 10. f4 Bd6 11. Ndf3 c5 12. h3 Nc6 13. Nxc6 bxc6 14. Kh2 Qe7 15.
Rf2 Rb8 16. Ne5 Bxe5 17. fxe5 Nd7 18. Bxc6 Rb6 19. Bg2 Nxe5 20. Bf4 Ng6 21. Bd2
h5 22. Qf1 h4 23. g4 Bb7 24. Rb1 Bxg2 25. Rxg2 Re6 26. Re1 Rb8 27. Bc1 Rb1 28.
Qf3 Qc7+ 29. Kh1 Re3 30. Bxe3 Rxe1+ 31. Rg1 Qa5 32. Rxe1 Qxe1+ 33. Bg1 Qd2 34.
a4 Nf4 35. Qa8+ Kh7 36. Qe4+ g6 37. Qe7 Kg7 38. Qe5+ Kh7 39. Qe7 Kg7 40. Qe5+
Kh7 41. Qe7 Kg7 42. Qe5+ Kh7 43. Qe7 Nxe2 44. Qxf7+ Kh6 45. Qf8+ Kh7 46. Qf7+ 1/2-1/2

[Event "ch-RUS Rapid w 2016"]
[Site "Sochi RUS"]
[Date "2016.10.02"]
[Round "4.3"]
[White "Pustovoitova, Daria"]
[Black "Ovod, Evgenija"]
[Result "1-0"]
[WhiteTitle "FM"]
[BlackTitle "IM"]
[WhiteElo "2386"]
[BlackElo "2362"]
[WhiteFideId "4182146"]
[BlackFideId "4131827"]
[EventDate "2016.10.02"]

1. d4 d5 2. c4 c6 3. Nc3 Nf6 4. e3 Qb6 5. c5 Qc7 6. f4 b6 7. b4 a5 8. Na4 Nbd7
9. b5 bxc5 10. dxc5 cxb5 11. Bxb5 Ba6 12. Rb1 Bxb5 13. Rxb5 e6 14. Ba3 Ne4 15.
Ne2 Ndxc5 16. Nxc5 Bxc5 17. Bxc5 Nxc5 18. Qd4 Ne4 19. Qxg7 Ke7 20. O-O Rhb8 21.
Rxb8 Rxb8 22. f5 e5 23. f6+ Kd6 24. Qxh7 Rb2 25. Ng3 Nxg3 26. hxg3 Rxa2 27. g4
a4 28. g5 a3 29. Qg8 Qc2 30. Qd8+ Kc5 31. Qc7+ Kb4 32. Qb7+ Ka4 33. Qxd5 e4 34.
Qd7+ Kb4 35. Qg4 Rb2 36. g6 Rb1 37. Rxb1+ Qxb1+ 38. Kh2 Qc1 39. g7 a2 40. Qxe4+
Kb3 41. Qd5+ Kb2 42. Qe5+ Kb1 43. g8=Q a1=Q 44. Qgb8+ Kc2 45. Qbc7+ Kd1 46. Qh5+
Kd2 47. Qd6+ Kxe3 48. Qf3# 1-0